Loading...
| Beliefs | 0 | 7 | 0 | 3 | 70 | 122 | 140.43 | 0 | 2 | 0.00 | 0.00 |
| Literature - World | 1 | 2 | 0 | 0 | 35 | 77 | 117.67 | 1 | 1 | 0.00 | 0.00 |
| Literature - European | 0 | 3 | 0 | 1 | 30 | 150 | 155.67 | 0 | 0 | 0.00 | 0.00 |
| Geography | 0 | 3 | 0 | 0 | 30 | 82 | 105.33 | 1 | 2 | 0.00 | 0.00 |
| Fine Arts - Classical Music and Opera | 0 | 3 | 1 | 1 | 25 | 139 | 154.33 | 0 | 1 | 0.00 | 0.00 |
| Literature - British | 0 | 2 | 0 | 0 | 20 | 125 | 143.50 | 0 | 0 | 0.00 | 0.00 |
| History - Other | 0 | 2 | 0 | 1 | 20 | 99 | 119.50 | 0 | 1 | 0.00 | 0.00 |
| Literature - American | 0 | 2 | 0 | 1 | 20 | 108 | 134.00 | 0 | 0 | 0.00 | 0.00 |
| Philosophy | 0 | 2 | 0 | 0 | 20 | 102 | 110.00 | 0 | 0 | 0.00 | 0.00 |
| Social Science | 0 | 1 | 0 | 0 | 10 | 105 | 105.00 | 0 | 0 | 0.00 | 0.00 |
| Science - Earth | 0 | 1 | 0 | 0 | 10 | 125 | 125.00 | 0 | 0 | 0.00 | 0.00 |
| History - World | 1 | 0 | 1 | 0 | 10 | 88 | 88.00 | 1 | 1 | 0.00 | 0.00 |
| Fine Arts - Other | 0 | 1 | 0 | 0 | 10 | 112 | 112.00 | 0 | 0 | 0.00 | 0.00 |
| Science - Other | 0 | 0 | 0 | 0 | 0 | 0.00 | 0 | 0 | 0.00 | 0.00 | |
| Other Academic | 0 | 0 | 1 | 0 | -5 | 0.00 | 0 | 0 | 0.00 | 0.00 | |
| Modern World | 0 | 0 | 1 | 0 | -5 | 0.00 | 0 | 0 | 0.00 | 0.00 | |
| History - US | 0 | 0 | 1 | 0 | -5 | 0.00 | 0 | 0 | 0.00 | 0.00 | |
| Fine Arts - Visual | 0 | 0 | 2 | 0 | -10 | 0.00 | 0 | 0 | 0.00 | 0.00 |